00685nam a22001937a 4500003000400000008004100004020001800045082002000063100002400083245010200107260003400209300001300243650004300256650004600299650003200345650005400377650003800431650002200469OSt260305b2021 |||||||| |||| 00| 0 eng d a9781529375992 a303.4834bKIS-A aKissinger, Henry A. aThe Age of AI :band our human future /cHenry A. Kissinger, Eric Schmidt and Daniel Huttenlocher aLondon :bJohn Murray,c2021. a266 p. ; aArtificial intelligence Social aspects aArtificial intelligence Political aspects aTechnology and civilization aInternational relations Technological innovations aEthics of artificial intelligence aFuture of society